根据以其官方语言写出的国名辨认世界各国 Every Country in its Official/Native Language - Statistics

General Stats
  • This quiz has been taken 72 times
  • The average score is 111 of 197
Answer Stats
所属洲 官方语言中的国名 中文国名 % Correct
北美洲 Antigua and Barbuda 安提瓜和巴布达
94%
北美洲 Canada 加拿大
92%
北美洲 Bahamas 巴哈马
89%
北美洲 Cuba 古巴
89%
北美洲 México 墨西哥
87%
北美洲 Barbados 巴巴多斯
85%
北美洲 Costa Rica 哥斯达黎加
85%
北美洲 Panamá 巴拿马
85%
北美洲 República Dominicana 多米尼加
85%
北美洲 Honduras 洪都拉斯
83%
北美洲 Jamaica 牙买加
83%
北美洲 Nicaragua 尼加拉瓜
83%
北美洲 United States 美国
83%
大洋洲 Australia 澳大利亚
81%
北美洲 Belize 伯利兹
79%
北美洲 Guatemala 危地马拉
79%
北美洲 Saint Lucia 圣卢西亚
79%
北美洲 El Salvador 萨尔瓦多
77%
北美洲 Saint Vincent andthe Grenadines 圣文森特和格林纳丁斯
77%
非洲 Angola 安哥拉
77%
非洲 Bénin 贝宁
77%
北美洲 Grenada 格林纳达
75%
大洋洲 Tonga 汤加
75%
大洋洲 Tuvalu 图瓦卢
75%
非洲 Botswana 博茨瓦纳
75%
非洲 Kenya 肯尼亚
75%
非洲 Mali 马里
75%
非洲 Nigeria 尼日利亚
75%
北美洲 Dominica 多米尼克
74%
非洲 Burkina Faso 布基纳法索
74%
非洲 Namibia 纳米比亚
74%
非洲 Niger 尼日尔
74%
非洲 République du Congo 刚果共和国
74%
非洲 République dé mocratique du Congo 刚果民主共和国
74%
欧洲 Andorra 安道尔
74%
大洋洲 Papua NewGuinea 巴布亚新几内亚
72%
大洋洲 Solomon Islands 所罗门群岛
72%
非洲 Burundi 布隆迪
72%
非洲 Gambia 冈比亚
72%
非洲 Liberia 利比里亚
72%
非洲 Madagasikara 马达加斯加
72%
非洲 Malawi 马拉维
72%
非洲 South Africa 南非
72%
非洲 South Sudan 南苏丹
72%
非洲 Uganda 乌干达
72%
非洲 Zambia 赞比亚
72%
欧洲 Danmark 丹麦
72%
欧洲 France 法国
72%
非洲 Lesotho 莱索托
70%
非洲 Rwanda 卢旺达
70%
非洲 Zimbabwe 津巴布韦
70%
欧洲 Italia 意大利
70%
欧洲 Latvija 拉脱维亚
70%
欧洲 Monaca 摩纳哥
70%
欧洲 Polska 波兰
70%
欧洲 România 罗马尼亚
70%
亚洲 Türkiye 土耳其
70%
北美洲 Saint Kitts andNevis 圣基茨和尼维斯
68%
北美洲 Trinidad and Tobago 特立尼达和多巴哥
68%
大洋洲 Sāmoa 萨摩亚
68%
非洲 Cameroun 喀麦隆
68%
非洲 Ghana 加纳
68%
非洲 Moçambique 莫桑比克
68%
非洲 Soomaaliya 索马里
68%
非洲 Tanzania 坦桑尼亚
68%
南美洲 Argentina 阿根廷
68%
南美洲 Bolivia 玻利维亚
68%
南美洲 Brasil 巴西
68%
南美洲 Chile 智利
68%
南美洲 Colombia 哥伦比亚
68%
南美洲 Ecuador 厄瓜多尔
68%
南美洲 Guyana 圭亚那
68%
南美洲 Paraguay 巴拉圭
68%
南美洲 Perú 秘鲁
68%
南美洲 Suriname 苏里南
68%
南美洲 Uruguay 乌拉圭
68%
南美洲 Venezuela 委内瑞拉
68%
欧洲 België 比利时
68%
欧洲 Moldova 摩尔多瓦
68%
欧洲 Nederland 荷兰
68%
欧洲 Portugal 葡萄牙
68%
欧洲 United Kingdom 英国
68%
亚洲 Singapore 新加坡
68%
亚洲 Việt Nam 越南
68%
亚洲 日本 日本
68%
亚洲 中国 中国
68%
亚洲 조선인민주의공화국 朝鲜
68%
大洋洲 Kiribati 基里巴斯
66%
大洋洲 Vanuatu 瓦努阿图
66%
大洋洲 Viti 斐济
66%
非洲 Jabuuti 吉布提
66%
欧洲 Deutschland 德国
66%
欧洲 Ísland 冰岛
66%
欧洲 Liechtenstein 列支敦士登
66%
亚洲 Indonesia 印度尼西亚
66%
亚洲 Malaysia 马来西亚
66%
亚洲 Pilipinas 菲律宾
66%
亚洲 대한민국 韩国
66%
大洋洲 Belau 帕劳
64%
大洋洲 Federated States of Micronesia 密克罗尼西亚联邦
64%
非洲 Guinea Ecuatorial 赤道几内亚
64%
非洲 Sénégal 塞内加尔
64%
欧洲 Bosna i Hercegovina 波斯尼亚和黑塞哥维那
64%
欧洲 España 西班牙
64%
欧洲 Slovenija 斯洛文尼亚
64%
亚洲 Turkmenistan 土库曼斯坦
64%
大洋洲 Naoero 瑙鲁
62%
非洲 Côte d'Ivoire 科特迪瓦
62%
非洲 République Centrafricaine 中非
62%
欧洲 Lëtzebuerg 卢森堡
62%
欧洲 Lietuva 立陶宛
62%
欧洲 Malta 马耳他
62%
欧洲 San Marino 圣马力诺
62%
非洲 Guiné-Bissau 几内亚比绍
60%
非洲 São Tomé e Príncipe 圣多美和普林西比
60%
非洲 Guinée 几内亚
58%
非洲 Tchad 乍得
58%
欧洲 Slovensko 斯洛伐克
58%
大洋洲 Niuē 纽埃
57%
非洲 Togo 多哥
57%
欧洲 Česko 捷克
57%
欧洲 Città del Vaticano 梵蒂冈
57%
欧洲 Norge 挪威
57%
欧洲 Schweiz 瑞士
57%
欧洲 Россия 俄罗斯
57%
亚洲 Azərbaycan 阿塞拜疆
57%
非洲 Sierra Leone 塞拉利昂
55%
非洲 République gabonaise 加蓬
53%
北美洲 Ayiti 海地
51%
欧洲 Ελλάς 希腊
51%
欧洲 Україна 乌克兰
51%
亚洲 เมืองไทย 泰国
51%
非洲 eSwatini 斯威士兰
49%
非洲 Sesel 塞舌尔
49%
非洲 Ertra 厄立特里亚
47%
非洲 Moris 毛里求斯
47%
亚洲 Brunei 文莱
47%
大洋洲 Aotearoa 新西兰
45%
欧洲 Беларусь 白俄罗斯
45%
亚洲 Қазақстан 哈萨克斯坦
45%
非洲 Cabo Verde 佛得角
43%
欧洲 Eesti 爱沙尼亚
43%
亚洲 Timor-Leste 东帝汶
43%
非洲 المغرب 摩洛哥
42%
非洲 مصر 埃及
42%
欧洲 Suomi 芬兰
42%
亚洲 Кыргызстан 吉尔吉斯斯坦
42%
亚洲 Тоҷикистон 塔吉克斯坦
42%
亚洲 Ўзбекистон 乌兹别克斯坦
42%
欧洲 Éire 爱尔兰
40%
欧洲 Österreich 奥地利
40%
亚洲 Монгол Улс 蒙古
40%
亚洲 မြန်မာ 缅甸
40%
亚洲 ປະເທດລາວ 老挝
40%
大洋洲 Aorōkin M̧ajeļ 马绍尔群岛
36%
非洲 تونس 突尼斯
36%
非洲 ليبيا 利比亚
36%
亚洲 ישראל 以色列
36%
亚洲 កម្ពុជា 柬埔寨
36%
大洋洲 Kūki 'Āirani 库克群岛
34%
欧洲 Magyarország 匈牙利
34%
欧洲 Србија 塞尔维亚
34%
亚洲 འབྲུག་ཡུལ 不丹
34%
欧洲 България 保加利亚
32%
亚洲 المملكة العربية السعودية 沙特阿拉伯
32%
非洲 السودان 苏丹
30%
非洲 موريتانيا 毛里塔尼亚
28%
非洲 ኢትዮጵያ 埃塞俄比亚
28%
亚洲 საქართველო 格鲁吉亚
28%
亚洲 الإمارات العربيّة المتّحدة 阿拉伯联合酋长国
28%
亚洲 ભારત 印度
28%
欧洲 Северна Македонија 北马其顿
26%
非洲 Dzayer 阿尔及利亚
25%
亚洲 Հայաստան 亚美尼亚
25%
亚洲 नेपाल 尼泊尔
25%
欧洲 Hrvatska 克罗地亚
23%
欧洲 Sverige 瑞典
23%
欧洲 Црна Гора 黑山
23%
亚洲 ایران 伊朗
23%
亚洲 বাংলাদেশ 孟加拉国
23%
亚洲 ދިވެހިރާއްޖެ 马尔代夫
21%
亚洲 ශ්‍රී ලංකාව 斯里兰卡
21%
欧洲 Shqipëria 阿尔巴尼亚
19%
亚洲 الأردن 约旦
19%
亚洲 العراق 伊拉克
19%
亚洲 اليمن 也门
19%
亚洲 Κύπρος 塞浦路斯
17%
亚洲 قطر 卡塔尔
17%
亚洲 لبنان 黎巴嫩
17%
亚洲 افغانستان 阿富汗
15%
亚洲 البحرين 巴林
15%
亚洲 سورية 叙利亚
15%
亚洲 پاکستان 巴基斯坦
13%
亚洲 دولة الكويت 科威特
13%
亚洲 عُمان 阿曼
13%
亚洲 فلسطين 巴勒斯坦
13%
非洲 جزر القمر 科摩罗
11%
No matching quizzes found
Score Distribution
Percent of People with Each Score
Percentile by Number Answered
Your Score History
You have not taken this quiz